000 00700cam a2200205 a 4500
020 _a0872623750 (pbk.)
082 0 0 _a621.4835
_bAME
110 2 _aAmerican Society of Civil Engineers.
_9702
245 1 0 _aN-725 guideline for design and analysis of nuclear safety related earth structures.
260 _aNew York, N.Y. :
_bAmerican Society of Civil Engineers,
_cc1983.
300 _axi, 23 p. ;
_c23 cm.
490 1 _aASCE standard
500 _a"Approved April 1982."
526 _a0
_b0
_c0
_d621_483500000000000_AME
650 0 _aCivil engineering.
650 0 _aEarthwork.
_919708
650 0 _aMCE
_9379
650 0 _aNuclear power plants
_xDesign and construction.
_941928
942 _2ddc
_cBK
999 _c549914
_d549914